Milwaukee Bucks: All-Star Selections - Statistics

General Stats
  • This quiz has been taken 312 times
    106 since last reset
  • The average score is 11 of 21
Answer Stats
Amount of Selections Player % Correct
10 Giannis Antetokounmpo
100%
6 Kareem Abdul-Jabbar
97%
3 Khris Middleton
96%
2 Oscar Robertson
84%
1 Alvin Robertson
80%
1 Jrue Holiday
80%
5 Sidney Moncrief
74%
3 Ray Allen
73%
2 Damian Lillard
70%
1 Michael Redd
55%
4 Marques Johnson
49%
2 Glenn Robinson
46%
1 Flynn Robinson
43%
3 Vin Baker
39%
2 Terry Cummings
31%
3 Bob Dandridge
28%
1 Jon McGlocklin
17%
2 Brian Winters
16%
1 Bob Lanier
15%
1 Ricky Pierce
15%
1 Jim Price
4%
No matching quizzes found
Score Distribution
Percent of People with Each Score
Percentile by Number Answered
Your Score History
You have not taken this quiz since the last reset